Gods of the Egyptians - Statistics

General Stats
  • This quiz has been taken 60 times
  • The average score is 9 of 20
Answer Stats
Hint Answer % Correct
Sun god Ra
98%
Falcon-headed god of the sky Horus
80%
Goddess of magic Isis
80%
Judge of the dead Osiris
78%
Jackal-headed god of mummification Anubis
76%
God of chaos; killed the above Set
65%
Cat goddess of protection Bastet
56%
Sky goddess Nut
47%
Hidden force behind the universe; merged with the above Amun
45%
Lioness goddess of war, destruction, and plague Sekhmet
38%
Crocodile god of the Nile Sobek
38%
Earth god; married to the above Geb
27%
Calmed, benevolent bovine-form of the above Hathor
25%
God of craftsmen Ptah
25%
Moon god associated with time and healing Khonsu
22%
Dwarf god of childbirth and fertility Bes
20%
Air god; keeps the two above apart Shu
15%
Sister of Isis; goddess of mourning Nephthys
13%
Created humans on a potter's wheel Khnum
7%
God of the Nile's annual flooding Hapi
5%
No matching quizzes found
Score Distribution
Percent of People with Each Score
Percentile by Number Answered
Your Score History
You have not taken this quiz